000 00301nam a22001337a 4500
008 180301b xxu||||| |||| 00| 0 eng d
020 _a9781269827225
041 _aeng
080 _a33
100 _a58
101 _aBIZ
245 _aPearson custom business resources
_cKursh,S.R
942 _2udc
_cBK
999 _c43747
_d43747